Métodos de laboratorio clínico / (Record no. 36870)

MARC details
000 -LEADER
campo de control de longitud fija 00643nam a2200169 i 4500
001 - NÚMERO DE CONTROL
campo de control 36870
003 - IDENTIFICADOR DE NÚMERO DE CONTROL
campo de control ES-MaACL
007 - CAMPO FIJO DE DESCRIPCIÓN FÍSICA--INFORMACIÓN GENERAL
campo de control de longitud fija t|
008 - DATOS DE LONGITUD FIJA--INFORMACIÓN GENERAL
campo de control de longitud fija 030219s1955 mx ||||1| spa d
100 1# - ENTRADA PRINCIPAL--NOMBRE DE PERSONA
Nombre de persona Bray, W. E.
9 (RLIN) 31525
245 10 - MENCIÓN DEL TÍTULO
Título Métodos de laboratorio clínico /
Mención de responsabilidad, etc. W. E. Bray ; segunda edición en inglés traducida de la cuarta edición en inglés por Oscar G. Carrera.
250 ## - MENCION DE EDICION
Mención de edición 2ª ed. en español.
260 ## - PUBLICACIÓN, DISTRIBUCIÓN, ETC.
Lugar de publicación, distribución, etc. México :
Nombre del editor, distribuidor, etc. Unión Tipográfica Editorial Hispano-Americana,
Fecha de publicación, distribución, etc. [1955] (
Fabricante Impresiones Modernas)
300 ## - DESCRIPCIÓN FÍSICA
Extensión XVIII lám., 557 p. :
Otras características físicas il. ;
Dimensiones 26 cm.
700 1# - ENTRADA AGREGADA--NOMBRE PERSONAL
Nombre de persona Carrera, Oscar G.
9 (RLIN) 35633
852 ## - LOCALIZACIÓN
Ubicación ES-MaACL
Número de control de estantería C-9451
Sublocalización o colección R.37886
Holdings
Estatus retirado Estado de pérdida Estado de daño No para préstamo Biblioteca de origen Biblioteca actual Ubicación en estantería Fecha de adquisición Fuente de adquisición Total de préstamos Signatura topográfica completa Código de barras Visto por última vez Precio de reemplazo Tipo de ítem Koha
        Biblioteca del Ateneo de Madrid Biblioteca del Ateneo de Madrid Sala Palomar 17/01/2008     C-9451 1038775 23/02/2023 23/02/2023 Libro impreso